000 00734cam a22002531 4500
005 20260322212038.0
008 data
010 _a 62014493
040 _aDLC
_cWa
_dDLC
043 _an-us---
050 0 0 _aTJ603
_b.K5
082 0 0 _a621.134
092 _a621.13 K5 1962
100 1 _aKinert, Reed.
245 1 0 _aEarly American steam locomotives;
_b1st seven decades, 1830-1900.
_cReed Kinert.
250 _a[1st ed.]
260 _aSeattle,
_bSuperior Pub. Co.
_c[1962]
300 _a158 p.
_billus.
_c22 x 28 cm.
650 0 _aSteam locomotives
_zUnited States
_xPictorial works.
906 _a7
_bcbc
_corignew
_du
_eocip
_f19
_gy-gencatlg
985 _aWSL/WSL
_eCOMARC
991 _bc-GenColl
_hTJ603
_i.K5
_tCopy 1
_wBOOKS
001 data
999 _c890
_d890